000 00609nam a22002297a 4500
003 UA-OsUOA
001 36585
007 ta
008 20060203b un ||||| |||| 00| 0 ukr d
090 _a82-92(477+430)
_bУ45
942 _cBK
040 _aUA-OsUOA
_bukr
_cUA-OsUOA
_dUA-OsUOA
245 _aУкраїнський VATERLAND
300 _a182 с.
955 _a2
041 _aukr
080 _a82-92(477+430)
020 _a966-511-420-4
260 _aДніпропетровськ
_bСіч
_c2005
650 7 _a82 Література. Літературознавство
_2UDC
999 _c322821
_d322821